Регионална библиотека "Любен Каравелов" - Русе

Руски дневник (Запис номер 75577)

MARC детайли
000 -Лидер
Контролно поле с фиксирана дължина 01457nam a2200361 c 4500
003 - Код на организацията, давaща контролен номер
Контролно поле BLK
005 - Дата и час на последна редакция
Контролно поле 20250701095011.0
008 - Елементи от данни с фиксирана дължина
fixed length control field 180408b bul|||||r ||||||| ||bul||
010 ## - Наследен системен номер
LC control number KNG00079996000
020 ## - Международен стандартен номер на книга ISBN
Международен стандартен номер на книга ISBN 978-954-585-839-0
-- издат.: Бард
040 ## - Източник на каталожния запис
Идентификатор на билиотеката - собственик на записа BLK
041 ## - Код за език
Код за езика на текст/звукозапис или на отделно заглавие Български
Код за езика КДБФ Български
080 ## - УДК
Текстов определител УДК Вътрешна политика. Вж и 329
УДК код - определител по УДК 323
УДК определител (470)(0:82-94)
УДК - код + определител 323(470)(0:82-94)
080 ## - УДК
Текстов определител УДК Руска литература
УДК код - определител по УДК 821.161.1
УДК определител -94
УДК - код + определител 821.161.1-94
100 1# - Редна дума - Автор
Автор Политковская, Анна Степановна
Авторска отговорност първи автор
R(LIN) 111408
139 ## - Редно поле
Редна дума Политковская, Анна Степановна
Авторски знак Пол - П 69
245 10 - Сведения за заглавието
Заглавие Руски дневник
Редно поле (дума) Анна Степановна Политковская; прев. от англ. Крум Бъчваров.
257 ## - Страна на издаване
Страна на създаване/издаване Великобритания
260 ## - Област на издателските данни
-- София
Име на издателя, разпространителя и проч. Бард
Година на издаване 2007
300 ## - Физическа характеристика
Страници 448 с.
Размери/Мащаб 20 см
380 ## - Жанр
Жанр Обществени науки
500 ## - Общи забележки
Забележка Прев. по A Russian Diary / Anna Politkovskaya. - Съдържа и Именник.
650 #4 - Допълнително описание по предмет – тема
Основно описание – тема или топоним Русия - вътрешна политика
9 (RLIN) 260411
651 #4 - Допълнително описание по предмет - топоним
Географско понятие Русия
9 (RLIN) 179465
653 ## - Ключова дума – ненормативна
Ключова дума вътрешна политика
700 1# - Други автори (авторска отговорност)
Лично име Бъчваров, Крум
Автороска отговорност (Описва отношението между автора и произведението) прев. от англ.
9 (RLIN) 364186
852 ## - Местоположение
Форматна сигнатура Цб 237455
856 4# - Електронен адрес и достъп
Електронен формат pdf - файл
Път до файла /url/
856 4# - Електронен адрес и достъп
Електронен формат pdf - файл
Път до файла /url/
942 ## - АРТИКУЛИ
Вид на библиотечния материал Книги
Скрит в OPAC Не
Koha issues (borrowed), all copies 12
944 ## - СЪЗДАВАНЕ И РЕДАКЦИЯ на ЗАПИСА
Създаване/Редакция Създаване
Дата на регистрацията/редакция 10.12.2007
Служител, извършил регистрацията/редакцията 30531
Статус, дата на статуса Цветелина Шанова
944 ## - СЪЗДАВАНЕ И РЕДАКЦИЯ на ЗАПИСА
Създаване/Редакция Редакция
Дата на регистрацията/редакция 06.02.2009
Служител, извършил регистрацията/редакцията
999 ## - СИСТЕМНИ КОНТРОЛНИ НОМЕРА
Koha biblionumber 75577
Koha biblioitemnumber 75577
Наличности
Код за отписване Код за изгубен артикул Код за повреда Коз за рестрикции Код за отдаване Артикулен № Име на библиотеката - собственик Име на библиотеката, в която се намира в момента Статус (Текущо местоположение) Дата на вписване в системата Местоположение - отдел Цена в лева Инвентарен номер Систематично азбучна сигнатура Баркод Номер на екземпляра Цена в евро Служебна бележка Служебен тип на артикула
  Не е изгубен Не е повреден без рестрикции заемане за дома 122769 Регионална библиотека "Любен Каравелов" Русе Регионална библиотека "Любен Каравелов" Русе Заемна - подръчен фонд 2007-12-10 Заемна - подръчен фонд 10.99 120000720960 П 323(4)/П 69 120000720960 1 5.62 Дост: Pk Вид: Ф N: 151 Дата: 05.12.2007 Дата инв: 02.02.2018 Бележки инв: П2018 Книги
  Не е изгубен Не е повреден без рестрикции заемане за дома 122770 Регионална библиотека "Любен Каравелов" Русе Регионална библиотека "Любен Каравелов" Русе Заемна - подръчен фонд 2008-07-21 Заемна - подръчен фонд 10.99 120000727599 П 323(4)/П 69 120000727599 2 5.62 Дост: Pk Вид: Ф N: 6000 Дата: 17.07.2008 Дата инв: 02.02.2018 Бележки инв: П2018 Книги
  Не е изгубен Не е повреден без рестрикции ползва се в читалня 122771 Регионална библиотека "Любен Каравелов" Русе Регионална библиотека "Любен Каравелов" Русе Хранилище 2008-11-13 Хранилище 10.99 120000731402 Цб 237455 120000731402 3 5.62 Дост: Dp Вид: Д N: 29 Дата: 02.07.2008 Книги
Vip Innovations Ltd, Rousse, Bulgaria 2025